<?xml version="1.0" encoding="UTF-8"?><?xml-stylesheet type="text/xsl" href="static/style.xsl"?><OAI-PMH xmlns="http://www.openarchives.org/OAI/2.0/" xmlns:xsi="http://www.w3.org/2001/XMLSchema-instance" xsi:schemaLocation="http://www.openarchives.org/OAI/2.0/ http://www.openarchives.org/OAI/2.0/OAI-PMH.xsd"><responseDate>2026-04-17T07:01:00Z</responseDate><request verb="GetRecord" identifier="oai:www.recercat.cat:10230/59842" metadataPrefix="marc">https://recercat.cat/oai/request</request><GetRecord><record><header><identifier>oai:recercat.cat:10230/59842</identifier><datestamp>2025-12-18T01:28:02Z</datestamp><setSpec>com_2072_6</setSpec><setSpec>col_2072_452952</setSpec></header><metadata><record xmlns="http://www.loc.gov/MARC21/slim" xmlns:dcterms="http://purl.org/dc/terms/" xmlns:xsi="http://www.w3.org/2001/XMLSchema-instance" xmlns:doc="http://www.lyncode.com/xoai" xsi:schemaLocation="http://www.loc.gov/MARC21/slim http://www.loc.gov/standards/marcxml/schema/MARC21slim.xsd">
   <leader>00925njm 22002777a 4500</leader>
   <datafield ind2=" " ind1=" " tag="042">
      <subfield code="a">dc</subfield>
   </datafield>
   <datafield ind2=" " ind1=" " tag="720">
      <subfield code="a">Torres López, Susana</subfield>
      <subfield code="e">author</subfield>
   </datafield>
   <datafield ind2=" " ind1=" " tag="720">
      <subfield code="a">Rodríguez-Labajos, Beatriz</subfield>
      <subfield code="e">author</subfield>
   </datafield>
   <datafield ind2=" " ind1=" " tag="260">
      <subfield code="c">2024-04-19T07:44:47Z</subfield>
   </datafield>
   <datafield ind2=" " ind1=" " tag="260">
      <subfield code="c">2024-04-19T07:44:47Z</subfield>
   </datafield>
   <datafield ind2=" " ind1=" " tag="260">
      <subfield code="c">2022</subfield>
   </datafield>
   <datafield ind2=" " ind1=" " tag="520">
      <subfield code="a">Entre los diferentes métodos analíticos que se pueden utilizar para analizar la gestión y las políticas sostenibles del agua, Naciones Unidas promueve la metodología estandarizada del Sistema de Contabilidad Ambiental y Económica para el Agua (SCAE-Agua). Si bien se ha probado a escala subnacional, su implementación en entornos urbanos está comenzando. El objetivo del artículo es evaluar hasta qué punto las herramientas disponibles dentro del SCAE-Agua pueden guiar la gestión sostenible del agua urbana. Se emplea una metodología multidimensional, preponderantemente cualitativa. Sobre la base de la información compilada del SCAE-Agua e información complementaria para aspectos sociales, el marco del SCAE-Agua fue evaluado como una herramienta para responder a los retos de sostenibilidad urbana, en las ciudades en crecimiento de América Latina. Se concluye que la implementación del SCAE-Agua en el ámbito urbano permite recopilar información sobre cantidad y calidad de  los  recursos  hídricos,  además  de  la  economía  de  la  ciudad.  Ello  es  útil  para  organizar  la  información  sobre  los flujos y la productividad económica del agua, y para detectar presiones urbanas sobre la calidad de esta. Sin embargo, este marco pierde información necesaria para gestionar el agua como un elemento holístico entrelazado en los procesos socioambientales en las áreas urbanas. Una brecha clave identificada es la equidad del agua.</subfield>
   </datafield>
   <datafield tag="653" ind2=" " ind1=" ">
      <subfield code="a">Desarrollo sostenible</subfield>
   </datafield>
   <datafield tag="653" ind2=" " ind1=" ">
      <subfield code="a">Desarrollo urbano</subfield>
   </datafield>
   <datafield tag="653" ind2=" " ind1=" ">
      <subfield code="a">Economía medioambiental</subfield>
   </datafield>
   <datafield tag="653" ind2=" " ind1=" ">
      <subfield code="a">Gestión de los recursos hídricos</subfield>
   </datafield>
   <datafield ind2="0" ind1="0" tag="245">
      <subfield code="a">Evaluación del SCAE-Agua como herramienta para guiar la sostenibilidad del agua urbana</subfield>
   </datafield>
</record></metadata></record></GetRecord></OAI-PMH>